[Event "36th World Junior Girls"]
[Site "Manavgat TUR"]
[Date "2018.09.07"]
[Round "4.4"]
[White "Assaubayeva, Bibisara"]
[Black "Kanakova, Natalie"]
[Result "1/2-1/2"]
[WhiteTitle "FM"]
[BlackTitle "WFM"]
[WhiteElo "2371"]
[BlackElo "2201"]
[WhiteFideId "13708694"]
[BlackFideId "350486"]
[EventDate "2018.09.05"]

1. d4 Nf6 2. c4 e6 3. Nf3 d5 4. Nc3 c5 5. cxd5 Nxd5 6. e4 Nxc3 7. bxc3 cxd4 8.
cxd4 Bb4+ 9. Bd2 Bxd2+ 10. Qxd2 O-O 11. Bc4 Nd7 12. O-O b6 13. Rfe1 Bb7 14. a4
Nf6 15. Bd3 h6 16. a5 bxa5 17. Rxa5 Qc7 18. Rc1 Qe7 19. Qe1 Rfd8 20. Rca1 Bc6
21. Ra6 Be8 22. h4 h5 23. Qe3 Ng4 24. Qg5 Qxg5 25. hxg5 Rd7 26. Bb5 Rb7 27. Bxe8
Rxe8 28. Rxa7 Rb2 29. R7a2 Rxa2 30. Rxa2 g6 31. e5 Rc8 32. Kf1 Kf8 33. Ke2 Rd8
34. Rd2 Rd5 35. Ne1 Nxe5 36. dxe5 Rxe5+ 37. Kf1 Rxg5 38. Nf3 Ra5 39. Rd7 Kg7 40.
Nd4 Ra6 41. Nb5 Ra8 42. Nd6 Rf8 43. Ne4 Kh6 44. Ke2 g5 45. Ke3 Kg6 46. Nd6 h4
47. Kf3 f5 48. Nb5 e5 49. Rd6+ Kh5 50. Rd5 e4+ 51. Ke3 Kg6 52. Nd4 Rf6 53. Rd8
Kg7 54. Rd7+ Kg6 55. Rd8 Kg7 56. f3 exf3 57. Nxf3 h3 58. gxh3 g4 59. hxg4 fxg4
60. Ne5 Ra6 61. Kf4 g3 62. Kxg3 Ra4 63. Nd3 Kf6 64. Kf3 Ra1 65. Rd6+ Kf5 66.
Rd5+ Kf6 67. Nf2 Ke6 68. Rb5 Rf1 69. Ke2 Ra1 70. Ke3 Re1+ 71. Kd4 Ra1 72. Ne4
Ra4+ 73. Ke3 Ra1 74. Rb6+ Ke5 75. Nf2 Re1+ 76. Kf3 Ra1 77. Nd3+ Kd5 78. Ke3 Ra3
79. Rb5+ Kd6 80. Kd4 Ra4+ 81. Nb4 Ke6 82. Rb6+ Kf5 83. Ke3 Ra3+ 84. Nd3 Ra1 85.
Rb5+ Ke6 86. Nf4+ Kd6 87. Ke4 1/2-1/2

[Event "36th World Junior Girls"]
[Site "Manavgat TUR"]
[Date "2018.09.07"]
[Round "4.6"]
[White "Antova, Gabriela"]
[Black "Ivana Maria, Furtado"]
[Result "1-0"]
[WhiteTitle "FM"]
[BlackTitle "WIM"]
[WhiteElo "2292"]
[BlackElo "2144"]
[WhiteFideId "2915235"]
[BlackFideId "5048400"]
[EventDate "2018.09.05"]

1. d4 Nf6 2. c4 e6 3. Nf3 d5 4. Nc3 Bb4 5. Bg5 Nbd7 6. cxd5 exd5 7. e3 c5 8. Bd3
Qa5 9. Qc2 c4 10. Bf5 g6 11. Bxd7+ Nxd7 12. O-O O-O 13. a3 Bxc3 14. bxc3 Re8 15.
Nd2 Nb6 16. f3 Bd7 17. Bh6 Qa4 18. Qb1 Qa5 19. Qb4 Qxb4 20. axb4 Na4 21. Rac1
Nb2 22. e4 Nd3 23. exd5 Nxc1 24. Rxc1 Bf5 25. Nxc4 Rad8 26. Ne3 b5 27. Bf4 f6
28. h4 Bd3 29. Kf2 Kf7 30. Bc7 Rd7 31. d6 Rc8 32. Ke1 Rcxc7 33. dxc7 Rxc7 34.
Kd2 Bc4 35. Ra1 Be6 36. Ra5 Rb7 37. Kd3 Bc8 38. d5 Rc7 39. Kd4 a6 40. c4 bxc4
41. Rc5 Rxc5 42. bxc5 a5 43. Nxc4 1-0

[Event "36th World Junior Girls"]
[Site "Manavgat TUR"]
[Date "2018.09.07"]
[Round "4.9"]
[White "Song, Yuxin"]
[Black "Nomin-Erdene, Davaademberel"]
[Result "1-0"]
[WhiteTitle "WCM"]
[BlackTitle "IM"]
[WhiteElo "2156"]
[BlackElo "2377"]
[WhiteFideId "8614300"]
[BlackFideId "4900782"]
[EventDate "2018.09.05"]

1. d4 f5 2. Bg5 Nf6 3. Bxf6 exf6 4. e3 d5 5. c4 c6 6. Nc3 Be6 7. Qb3 Qd7 8. g3
dxc4 9. Bxc4 Bxc4 10. Qxc4 Na6 11. h4 Nc7 12. Nh3 Bd6 13. O-O-O O-O-O 14. Kb1
Kb8 15. Nf4 g5 16. Nd3 Qe8 17. hxg5 fxg5 18. Rh6 Qe7 19. Nc5 b5 20. Qb4 Ka8 21.
Qa3 Rb8 22. b4 Rhf8 23. Rdh1 Rf7 24. Qb3 Rd8 25. a3 Bxc5 26. bxc5 Nd5 27. Nxd5
Rxd5 28. a4 a6 29. axb5 axb5 30. Kb2 Qb7 31. Re6 Rf8 32. Rhh6 Rc8 33. Rhf6 Qd7
34. Qa3+ Kb7 35. Qa5 Qc7 36. Qxc7+ Rxc7 37. Re5 Rdd7 38. Rexf5 Rg7 39. Rh6 Rg8
40. g4 Kb8 41. Rhf6 Rgg7 42. Kc3 Kb7 43. Kb4 Rce7 44. Ka5 Rc7 45. d5 cxd5 46.
Kxb5 Rce7 47. Rxd5 Re4 48. Rd4 Re5 49. Rfd6 Kc8 50. Rd8+ Kc7 51. Ra8 Rg6 52.
Ra7+ Kc8 53. Rxh7 Rf6 54. Rh2 Rf7 55. Rd6 Kc7 56. Rg6 Kb7 57. Rb6+ Kc7 58. Ka6
Rf8 59. Rh7+ Kc8 60. Ka7 1-0

[Event "36th World Junior Girls"]
[Site "Manavgat TUR"]
[Date "2018.09.07"]
[Round "4.10"]
[White "Dordzhieva, Dinara"]
[Black "Li, Xinyu"]
[Result "1-0"]
[WhiteTitle "WIM"]
[WhiteElo "2318"]
[BlackElo "2086"]
[WhiteFideId "24157570"]
[BlackFideId "8610401"]
[EventDate "2018.09.05"]

1. c4 e6 2. Nf3 d5 3. g3 Nf6 4. Bg2 Be7 5. O-O O-O 6. d4 c6 7. Qc2 Nbd7 8. Rd1
b6 9. Nbd2 Bb7 10. e4 dxe4 11. Nxe4 Nxe4 12. Qxe4 Nf6 13. Qc2 Qc8 14. c5 h6 15.
Bd2 Nd5 16. Rac1 Bf6 17. Ne5 Qc7 18. Qe4 Bxe5 19. dxe5 a5 20. Be3 bxc5 21. Bxc5
Rfe8 22. Qe1 a4 23. Be4 g6 24. Bb1 Kg7 25. Qe4 h5 26. Qf3 Ba6 27. h4 Qb7 28. Rd2
Bb5 29. Be4 Rac8 30. Rdc2 Qd7 31. Bd6 Kg8 32. g4 Qd8 33. Qg3 Kh8 34. Kh2 Rg8 35.
Rh1 Ra8 36. Kg2 Qd7 37. Bc5 Rac8 38. Rd2 Qc7 39. Rhd1 Rg7 40. Kh1 Rh7 41. g5 Rg7
42. Qf3 Qd7 43. Bc2 Ra8 44. Qe4 Qb7 45. Kg1 Rgg8 46. Rd4 Ra5 47. Qf3 Ra6 48. Rc1
Qd7 49. Be4 Rc8 50. Qd1 Kg8 51. Qc2 Kg7 52. Qd1 Kg8 53. Bc2 Rca8 54. Qf3 Rc8 55.
Be4 Re8 56. Bd6 Ra7 57. Rd2 Ra6 58. Rdc2 Ra7 59. Kh2 Ra6 60. Qg3 Ra7 61. Qh3 Kg7
62. Qf3 Kg8 63. Qd1 Ra6 64. Qd2 Kg7 65. Rg1 Raa8 66. Rg3 Ra7 67. Qd4 Kg8 68. Rf3
Ra6 69. Qd2 Raa8 70. Rc1 Ra6 71. Rg1 Raa8 72. Rgg3 Ra7 73. Rf6 Qc8 74. Rgf3 Rd7
75. Qc2 Qd8 76. Kg1 Rb7 77. Kh2 Rd7 78. Kh1 Rb7 79. Bxg6 fxg6 80. Rxg6+ Rg7 81.
Rxg7+ Kxg7 82. Rf7+ 1-0

[Event "36th World Junior Girls"]
[Site "Manavgat TUR"]
[Date "2018.09.07"]
[Round "4.11"]
[White "Du, Yuxin"]
[Black "Chitlange, Sakshi"]
[Result "1/2-1/2"]
[BlackTitle "WIM"]
[WhiteElo "2146"]
[BlackElo "2279"]
[WhiteFideId "8610282"]
[BlackFideId "35002899"]
[EventDate "2018.09.05"]

1. e4 c6 2. d4 d5 3. Nc3 dxe4 4. Nxe4 Nd7 5. Nf3 Ngf6 6. Ng3 e6 7. Bd3 Bd6 8.
O-O O-O 9. Re1 Qc7 10. Qe2 b6 11. c4 Bb7 12. b3 Bb4 13. Bd2 Bxd2 14. Nxd2 c5 15.
dxc5 Nxc5 16. Bc2 Qc6 17. f3 Rad8 18. Rad1 a5 19. Nde4 Nfxe4 20. Nxe4 Nxe4 21.
Bxe4 Qc5+ 22. Qf2 Qxf2+ 23. Kxf2 Bxe4 24. Rxd8 Rxd8 25. Rxe4 Kf8 26. Ke2 Ke7 27.
a3 f5 28. Re3 Rc8 29. Rd3 a4 30. Kd2 g5 31. Kc3 axb3 32. Kxb3 Rc5 33. Kb4 e5 34.
a4 h5 35. h3 h4 36. Rd2 Ke6 37. Rd8 e4 38. fxe4 fxe4 39. Kc3 Ke5 40. Re8+ Kf4
41. Kd4 Kg3 42. Re6 Kxg2 43. Rxb6 Ra5 44. Rb5 Rxa4 45. Rxg5+ Kxh3 46. Kxe4 Rxc4+
47. Kf3 Rc2 48. Rh5 Ra2 49. Rh8 Ra4 50. Rg8 Kh2 51. Rg2+ Kh1 52. Rg4 Ra3+ 53.
Kf2 h3 54. Rg1+ Kh2 55. Rg8 Ra2+ 56. Kf1 Rg2 57. Rh8 Rg3 58. Kf2 Rg2+ 59. Kf1
Rg7 60. Rf8 Ra7 61. Rf3 Ra2 62. Rf2+ Rxf2+ 63. Kxf2 Kh1 64. Kf1 h2 65. Kf2 1/2-1/2

[Event "36th World Junior Girls"]
[Site "Manavgat TUR"]
[Date "2018.09.07"]
[Round "4.13"]
[White "Diakonova, Ekaterina"]
[Black "Dwilewicz, Katarzyna"]
[Result "0-1"]
[BlackTitle "WFM"]
[WhiteElo "2243"]
[BlackElo "2081"]
[WhiteFideId "24172936"]
[BlackFideId "1148486"]
[EventDate "2018.09.05"]

1. e4 e5 2. Nc3 Nf6 3. g3 d5 4. exd5 Nxd5 5. Bg2 Nxc3 6. bxc3 Nc6 7. d3 Bc5 8.
Nf3 O-O 9. O-O Bg4 10. Re1 Re8 11. Be3 Bb6 12. Qc1 Qf6 13. Nd2 Qg6 14. Nc4 Bxe3
15. Nxe3 Be6 16. Rb1 Nd8 17. Bxb7 Nxb7 18. Rxb7 Bh3 19. Rxc7 f5 20. Qd1 Qd6 21.
Rc4 f4 22. Ng2 Qd5 23. Rce4 Bf5 24. Nxf4 Qxa2 25. Rxe5 Rxe5 26. Rxe5 Rb8 27. Qf3
Bd7 28. c4 Qa1+ 29. Re1 Qxe1+ 30. Kg2 Qe5 31. c3 Qf5 32. h4 a5 33. d4 Re8 34.
Qd1 a4 35. c5 Qe4+ 36. Kh2 Rb8 37. Qh5 Rb1 38. f3 Qc2+ 39. Ng2 Qf5 0-1

[Event "36th World Junior Girls"]
[Site "Manavgat TUR"]
[Date "2018.09.07"]
[Round "4.14"]
[White "Sankova, Stella"]
[Black "Haussernot, Cecile"]
[Result "0-1"]
[WhiteTitle "WFM"]
[BlackTitle "WIM"]
[WhiteElo "2081"]
[BlackElo "2237"]
[WhiteFideId "14944200"]
[BlackFideId "601632"]
[EventDate "2018.09.05"]

1. e4 c5 2. Nf3 d6 3. Bb5+ Nd7 4. d4 cxd4 5. Qxd4 a6 6. Bxd7+ Bxd7 7. c4 Rc8 8.
Nc3 b5 9. cxb5 axb5 10. O-O h6 11. e5 Rc4 12. Qd3 Bc6 13. b3 Rg4 14. e6 Qa8 15.
Nxb5 Qb7 16. exf7+ Kxf7 17. Nbd4 Be4 18. Qe2 e5 19. Nxe5+ dxe5 20. Qxg4 exd4 21.
f3 Bd3 22. Rd1 Qb5 23. Kh1 Nf6 24. Qxd4 Be2 25. Re1 Bc5 26. Qa4 Qd3 27. Qc4+
Qxc4 28. bxc4 Re8 29. Bd2 g5 30. Rab1 g4 31. fxg4 Nxg4 32. h3 Nf2+ 33. Kh2 Nd3
34. Rb7+ Kg6 35. Reb1 h5 36. Bc3 Rf8 37. Rg7+ Kf5 38. g4+ hxg4 39. hxg4+ Ke4 40.
Rd7 Bxg4 41. Rd5 Be3 42. Rb7 Bf4+ 43. Kg1 Be2 44. a4 Be3+ 45. Kh2 Rf2+ 46. Kg3
Bf4+ 0-1

[Event "36th World Junior Girls"]
[Site "Manavgat TUR"]
[Date "2018.09.07"]
[Round "4.15"]
[White "Bai, Xue"]
[Black "Paramzina, Anastasya"]
[Result "0-1"]
[BlackTitle "WGM"]
[WhiteElo "2073"]
[BlackElo "2222"]
[WhiteFideId "8608717"]
[BlackFideId "4165012"]
[EventDate "2018.09.05"]

1. e4 c5 2. Nf3 d6 3. d4 cxd4 4. Nxd4 Nf6 5. Nc3 a6 6. g3 e5 7. Nde2 Be7 8. Bg2
O-O 9. O-O b5 10. Nd5 Nxd5 11. Qxd5 Ra7 12. Be3 Rb7 13. Qd3 b4 14. b3 Nd7 15. c4
Nc5 16. Qc2 a5 17. a4 Rc7 18. Bxc5 Rxc5 19. f4 f5 20. fxe5 Rxe5 21. Nf4 Bg5 22.
Nd5 Be6 23. Kh1 Bxd5 24. exd5 Qe7 25. Rf2 g6 26. Bf3 Re8 27. Kg2 Re3 28. Raf1
Bf6 29. Qd1 Qe5 30. Qc2 Qc3 31. Qxc3 bxc3 32. Bd1 Bd4 33. Rc2 Rb8 34. Ra2 h5 35.
Rf3 Re1 36. Rf1 Re3 37. Rf3 Re1 38. Rf1 Rbe8 39. Rc2 Kg7 40. Ra2 Kf6 41. Rc2 Kg5
42. Rc1 R1e4 43. Rf3 h4 44. Rd3 Bg7 45. Kf2 Re1 46. Rc2 h3 47. Kf3 Rh1 48. Rf2
Ree1 49. Bc2 Ref1 50. Rxf1 Rxf1+ 51. Ke3 Rc1 0-1

[Event "36th World Junior Girls"]
[Site "Manavgat TUR"]
[Date "2018.09.07"]
[Round "4.16"]
[White "Mahalakshmi, M"]
[Black "Li, Yunshan"]
[Result "1-0"]
[WhiteTitle "WIM"]
[BlackTitle "WFM"]
[WhiteElo "2213"]
[BlackElo "2060"]
[WhiteFideId "5001080"]
[BlackFideId "8607664"]
[EventDate "2018.09.05"]

1. Nf3 Nf6 2. g3 g6 3. Bg2 Bg7 4. d4 d5 5. O-O O-O 6. c4 c6 7. Qb3 Qb6 8. Nc3
Qxb3 9. axb3 h6 10. Bf4 Be6 11. Ne5 Rd8 12. Rfd1 Nbd7 13. Nxd7 Rxd7 14. Na4 Rdd8
15. Nc5 Bc8 16. Bc7 Re8 17. Kf1 e6 18. Ra2 Nd7 19. Na4 Bf6 20. e4 dxe4 21. Bxe4
Bd8 22. Bd6 Be7 23. Bc7 Bd8 24. Bd6 Be7 25. Bxe7 Rxe7 26. Bg2 Rb8 27. Nc3 a6 28.
d5 exd5 29. cxd5 cxd5 30. Nxd5 Re8 31. Raa1 Kg7 32. Nc7 Re7 33. Rac1 b5 34. Rd6
Nb6 35. Rxb6 Rxb6 36. Nd5 Be6 37. Nxe7 Bxb3 38. Rc6 1-0

[Event "36th World Junior Girls"]
[Site "Manavgat TUR"]
[Date "2018.09.07"]
[Round "4.18"]
[White "Kamalidenova, Meruert"]
[Black "Hilario, Aleyla"]
[Result "0-1"]
[WhiteTitle "WFM"]
[BlackTitle "WFM"]
[WhiteElo "2011"]
[BlackElo "2203"]
[WhiteFideId "13712802"]
[BlackFideId "3819400"]
[EventDate "2018.09.05"]

1. d4 Nf6 2. Nf3 e6 3. g3 b5 4. Bg2 Bb7 5. O-O Be7 6. a4 b4 7. c3 a5 8. c4 c5 9.
Bf4 O-O 10. Nbd2 Na6 11. Nb3 Rc8 12. Rc1 d5 13. Ne5 Qb6 14. cxd5 exd5 15. dxc5
Bxc5 16. Nxc5 Nxc5 17. Be3 Qd6 18. Nd3 Ne6 19. Qb3 Ba6 20. Rfd1 Rfd8 21. Bf4 Qe7
22. e3 Ne4 23. Bh3 Rc4 24. Bxe6 Qxe6 25. f3 Rxc1 26. Nxc1 Nc5 27. Qa2 h6 28. e4
Bb7 29. Ne2 Rd7 30. Nd4 Qa6 31. e5 Ne6 32. b3 Qb6 33. Be3 Rc7 34. Qd2 Rc3 35.
Nf5 Qc7 36. Bd4 Rxf3 37. Rc1 Qd7 38. Ne3 Ng5 39. Kh1 Ne4 40. Qe2 Rf2 41. Qg4
Qxg4 42. Nxg4 Rd2 43. Bb6 d4 44. Kg1 Ng5 45. Bxa5 Nf3+ 46. Kf1 Ba6+ 0-1

[Event "36th World Junior Girls"]
[Site "Manavgat TUR"]
[Date "2018.09.07"]
[Round "4.19"]
[White "Schneider, Jana"]
[Black "Hu, Yu A."]
[Result "1/2-1/2"]
[WhiteTitle "FM"]
[WhiteElo "2190"]
[BlackElo "2009"]
[WhiteFideId "12924997"]
[BlackFideId "8609993"]
[EventDate "2018.09.05"]

1. e4 c5 2. Nf3 d6 3. d4 cxd4 4. Nxd4 Nf6 5. Nc3 a6 6. Be3 e5 7. Nf3 Be7 8. Bc4
O-O 9. O-O Be6 10. Bb3 Qc7 11. Nh4 g6 12. Bh6 Re8 13. Qd2 Ng4 14. Bg5 Bxg5 15.
Qxg5 Qd8 16. Nf3 Qxg5 17. Nxg5 Bxb3 18. axb3 h6 19. Nf3 Nf6 20. Rfd1 Re6 21. Nd2
Nc6 22. Nc4 Nd4 23. Nb6 Rd8 24. Rd2 d5 25. Nbxd5 Nxe4 26. Nxe4 Rxd5 27. b4 Rc6
28. Rad1 Ne2+ 29. Kf1 Rxd2 30. Rxd2 Nf4 31. c3 Ne6 32. Rd5 f5 33. Nf6+ Kg7 34.
Nd7 e4 35. g3 Rc7 36. Ke2 Kf7 37. Ke3 Ke7 38. Nb6 Kf6 39. Nd7+ Ke7 40. Nb6 Kf6
41. c4 Re7 42. Rd6 Ke5 43. c5 f4+ 44. gxf4+ Nxf4 45. Nd7+ Kf5 46. Rf6+ Kg5 47.
Rxf4 Rxd7 48. Rxe4 Rd1 49. Rf4 Re1+ 50. Kf3 Re7 51. b5 axb5 52. Rb4 h5 53. h4+
Kf6 54. Rxb5 Ke6 55. Ke4 Kd7+ 56. Kd5 Kc7 57. Rb6 Re2 58. b4 Rxf2 59. Rxg6 Rd2+
60. Kc4 Rh2 61. Kb5 Rxh4 62. Rg7+ Kb8 63. Rh7 Rg4 64. Rxh5 Rg6 65. Rh7 Ka7 66.
Rh8 Rg1 67. Rc8 Rg6 68. Kc4 Rg4+ 69. Kb3 Ka6 70. Ka4 b5+ 71. Kb3 Rg3+ 72. Kc2
Rg4 73. Rc6+ Ka7 74. Kc3 Rg3+ 75. Kd4 Rg4+ 76. Kd5 Rxb4 77. Rc7+ Kb8 78. Kc6 Rg4
79. Rb7+ Kc8 80. Kb6 b4 81. Ra7 b3 82. Ra8+ Kd7 83. c6+ Ke7 84. c7 b2 85. Re8+
Kd6 86. Rd8+ Ke7 87. Rd1 Rb4+ 88. Ka6 Rc4 89. Rb1 Kd7 1/2-1/2

[Event "36th World Junior Girls"]
[Site "Manavgat TUR"]
[Date "2018.09.07"]
[Round "4.20"]
[White "De Silva, Tenara"]
[Black "Varshini, V"]
[Result "1/2-1/2"]
[BlackTitle "WIM"]
[WhiteElo "1764"]
[BlackElo "2173"]
[WhiteFideId "9942270"]
[BlackFideId "5091241"]
[EventDate "2018.09.05"]

1. e4 c5 2. Nf3 d6 3. d4 cxd4 4. Nxd4 Nf6 5. f3 e5 6. Bb5+ Bd7 7. Bxd7+ Qxd7 8.
Nf5 g6 9. Ng3 Bg7 10. c4 Nc6 11. Nc3 O-O 12. Be3 Rac8 13. Qd2 Nd4 14. b3 a6 15.
O-O b5 16. Bxd4 exd4 17. Nd5 Nxd5 18. cxd5 Rc3 19. Ne2 Qa7 20. Kh1 Re3 21. Rad1
d3 22. Nf4 Bh6 23. Nxd3 f5 24. e5 dxe5 25. Nxe5 Qg7 26. Nc6 Rxf3 27. Qb4 Rxf1+
28. Rxf1 Bg5 29. d6 Bf6 30. Qc5 Qd7 31. h3 Re8 32. Qd5+ Kg7 33. Rc1 Re6 34. Rd1
Re4 35. Kh2 Bg5 36. Nd4 Bf4+ 37. Kh1 Bxd6 38. Nf3 Re6 39. Qd4+ Kg8 40. Ng5 Re8
41. Qd5+ Kg7 42. Qd4+ Kg8 1/2-1/2

[Event "36th World Junior Girls"]
[Site "Manavgat TUR"]
[Date "2018.09.07"]
[Round "4.21"]
[White "Zhu, Jiner"]
[Black "Ozbay, Ece"]
[Result "1/2-1/2"]
[WhiteTitle "WIM"]
[BlackTitle "WFM"]
[WhiteElo "2364"]
[BlackElo "2114"]
[WhiteFideId "8608059"]
[BlackFideId "6351743"]
[EventDate "2018.09.05"]

1. e4 c5 2. Nf3 e6 3. d4 cxd4 4. Nxd4 Nc6 5. Nc3 Qc7 6. Be3 a6 7. a3 Nf6 8. g4
h6 9. Be2 Be7 10. Qd2 Ne5 11. Rg1 b5 12. f4 Nc4 13. Bxc4 Qxc4 14. e5 Nd5 15.
Nxd5 Qxd5 16. O-O-O Bb7 17. Kb1 Rc8 18. Nf5 g6 19. Qc1 Qc4 20. Rd4 Qe2 21. Nxe7
Kxe7 22. Rd2 Qc4 23. Rd4 Qe2 24. Rgd1 Bd5 25. f5 Rc4 26. b3 Rc3 27. Bd2 Rc6 28.
Ba5 Rhc8 29. f6+ Ke8 30. c4 g5 31. Qd2 Qxd2 32. R1xd2 bxc4 33. bxc4 Rxc4 34.
Rxc4 1/2-1/2

[Event "36th World Junior Girls"]
[Site "Manavgat TUR"]
[Date "2018.09.07"]
[Round "4.24"]
[White "Beydullayeva, Govhar"]
[Black "Isha, Sharma"]
[Result "1-0"]
[WhiteTitle "WFM"]
[BlackTitle "WCM"]
[WhiteElo "2202"]
[BlackElo "2012"]
[WhiteFideId "13413015"]
[BlackFideId "35006665"]
[EventDate "2018.09.05"]

1. Nf3 g6 2. c4 Bg7 3. d4 d6 4. g3 Nf6 5. Bg2 O-O 6. Nc3 Bf5 7. Nh4 Bc8 8. O-O
e5 9. Nf3 Nbd7 10. e4 a5 11. h3 exd4 12. Nxd4 Nc5 13. Be3 Re8 14. Qc2 Bd7 15.
Rfe1 h5 16. Rad1 Nh7 17. f4 Qc8 18. Kh2 Bh6 19. Nd5 Qd8 20. Nb5 Na6 21. Nbxc7
Nxc7 22. Bb6 Rc8 23. Qd2 h4 24. Nxc7 hxg3+ 25. Kxg3 Rf8 26. Qxd6 Qf6 27. Qxf6
Nxf6 28. Bf3 Be6 29. Nd5 Bxd5 30. cxd5 a4 31. Bd4 Nd7 32. Rc1 g5 33. fxg5 Bxg5
34. Rxc8 Rxc8 35. Bg4 Rd8 36. h4 Bf6 37. e5 Bg7 38. Bxd7 Rxd7 39. d6 Kf8 40. Kf4
Ke8 41. Rg1 f6 42. Rxg7 Rxg7 43. e6 1-0

[Event "36th World Junior Girls"]
[Site "Manavgat TUR"]
[Date "2018.09.07"]
[Round "4.29"]
[White "Yorgun, Yaren Naz"]
[Black "Santeramo, Alessia"]
[Result "0-1"]
[BlackTitle "WFM"]
[WhiteElo "1751"]
[BlackElo "2124"]
[WhiteFideId "6361021"]
[BlackFideId "850810"]
[EventDate "2018.09.05"]

1. e4 e5 2. Nf3 Nc6 3. Nc3 Nf6 4. d4 exd4 5. Nxd4 Bb4 6. Nxc6 bxc6 7. Bd3 d5 8.
exd5 cxd5 9. O-O O-O 10. h3 c6 11. Qf3 Rb8 12. Bf4 Bd6 13. b3 Re8 14. Ne2 Qc7
15. Rfe1 Bd7 16. Bxd6 Qxd6 17. Qf4 Re5 18. Qd2 Rbe8 19. Ng3 h5 20. Rxe5 Qxe5 21.
Rd1 h4 22. Ne2 Nh5 23. c4 dxc4 24. Bxc4 Be6 25. Bd3 Bd5 26. b4 Re6 27. a4 g6 28.
Nc3 Nf4 29. Nxd5 cxd5 30. Bf1 g5 31. Qd4 Qxd4 32. Rxd4 Re1 33. Rd2 Ra1 34. a5
Ra4 35. g3 hxg3 36. fxg3 Ne6 37. Rxd5 Rxb4 38. Rd7 Nd4 39. Rxa7 Rb2 40. Bg2 Ne2+
41. Kf2 Nf4+ 42. Kf3 Nxg2 43. Ra8+ Kg7 44. a6 f5 45. a7 Ne1+ 46. Ke3 Ra2 47. Kd4
Nf3+ 48. Ke3 Ng1 49. h4 Ra3+ 50. Kf2 Nh3+ 51. Kg2 g4 52. h5 Ng5 53. h6+ Kh7 54.
Rf8 Rxa7 55. Rxf5 Kxh6 56. Rf4 Kh5 57. Kf1 Rf7 0-1

[Event "36th World Junior Girls"]
[Site "Manavgat TUR"]
[Date "2018.09.07"]
[Round "4.30"]
[White "Nassr, Lina"]
[Black "Caglar, Sila"]
[Result "0-1"]
[WhiteTitle "WIM"]
[BlackTitle "WFM"]
[WhiteElo "1854"]
[BlackElo "2208"]
[WhiteFideId "7908075"]
[BlackFideId "6364063"]
[EventDate "2018.09.05"]

1. d4 Nf6 2. Nf3 g6 3. e3 Bg7 4. c4 O-O 5. Nc3 d6 6. Be2 Nbd7 7. O-O e5 8. Qc2
c6 9. b3 Re8 10. Bb2 Nf8 11. dxe5 dxe5 12. Rfd1 Qa5 13. a3 e4 14. Nd2 Bf5 15. b4
Qc7 16. c5 Ng4 17. g3 h5 18. Nc4 Nh7 19. Nd6 Ng5 20. Nxf5 gxf5 21. Bxg4 hxg4 22.
Ne2 Bxb2 23. Qxb2 Re6 24. Nd4 Qe5 25. Rab1 Rh6 26. Kg2 Kh7 27. Ne2 Qe7 28. Nd4
Kg6 29. b5 Rah8 30. Rh1 Nf3 31. bxc6 Rxh2+ 32. Rxh2 Rxh2+ 33. Kf1 bxc6 34. Nxf3
gxf3 35. Kg1 Rg2+ 36. Kf1 Qxc5 37. Rc1 Qf8 38. Rxc6+ f6 39. Ke1 Qh8 40. Qb3 Qh1+
41. Kd2 Rxf2+ 42. Kc3 Qc1+ 43. Kb4 Qb2 44. Qxb2 Rxb2+ 45. Ka5 f2 46. Rc1 Kg5 0-1

[Event "36th World Junior Girls"]
[Site "Manavgat TUR"]
[Date "2018.09.07"]
[Round "4.32"]
[White "Malatsilava, Volha"]
[Black "Doroy, Allaney Jia G"]
[Result "1-0"]
[BlackTitle "WFM"]
[WhiteElo "2040"]
[BlackElo "1914"]
[WhiteFideId "13508512"]
[BlackFideId "5216729"]
[EventDate "2018.09.05"]

1. e4 e5 2. Nf3 Nf6 3. Nc3 Nc6 4. Bb5 a6 5. Bxc6 bxc6 6. Nxe5 Bb4 7. d3 Qe7 8.
Nf3 d5 9. e5 O-O 10. O-O Nd7 11. d4 Nb6 12. Ne2 Qe8 13. h3 Be7 14. Nf4 a5 15. a4
Be6 16. Nd3 Bf5 17. Re1 Qd7 18. Nc5 Qc8 19. c3 Re8 20. b4 Qb8 21. g4 Bg6 22. Nd2
Bg5 23. Ndb3 Bxc1 24. Qxc1 axb4 25. cxb4 Qd8 26. Na5 Qh4 27. Qc3 h5 28. Qg3 Qg5
29. f4 Qh6 30. f5 h4 31. Qe3 Qxe3+ 32. Rxe3 Bh7 33. Nxc6 g6 34. f6 g5 35. a5 Nc4
36. Re2 Kh8 37. Kf2 Rf8 38. a6 Rfe8 39. a7 Rf8 40. Na6 Bd3 41. Rea2 Nb6 42. Nxc7 1-0

[Event "36th World Junior Girls"]
[Site "Manavgat TUR"]
[Date "2018.09.07"]
[Round "4.34"]
[White "Caballero Quijano, Mitzy Mishell"]
[Black "Aksoy, Ayca"]
[Result "1/2-1/2"]
[WhiteTitle "WIM"]
[WhiteElo "2034"]
[BlackElo "1898"]
[WhiteFideId "3807223"]
[BlackFideId "6355978"]
[EventDate "2018.09.05"]

1. d4 Nf6 2. Nf3 e6 3. e3 b6 4. Bd3 Bb7 5. O-O Be7 6. c4 c5 7. Nc3 O-O 8. d5
exd5 9. cxd5 d6 10. e4 Nbd7 11. h3 a6 12. a4 Re8 13. Bf4 Nf8 14. Re1 Ng6 15. Bh2
Bf8 16. Nd2 Ne5 17. Be2 g6 18. f4 Ned7 19. Bf3 b5 20. axb5 axb5 21. Nxb5 Qb6 22.
Na3 Qxb2 23. Ndc4 Qd4+ 24. Qxd4 cxd4 25. Nb5 Rxa1 26. Rxa1 Nxe4 27. Bxe4 Rxe4
28. Ncxd6 Bxd5 29. Nxe4 Bxe4 30. Nxd4 Bc5 31. Rd1 Nb6 32. Kh1 Nd5 33. Nf3 h6 34.
Bg3 Be3 35. Kh2 Bxf4 36. Bxf4 Nxf4 37. Rd4 Bxf3 38. Rxf4 Bd5 39. Rd4 Be6 40. Kg3
h5 41. h4 Kg7 42. Kf4 Bg4 43. Ke5 Bf5 44. Rd6 Bg4 45. g3 Bh3 46. Rf6 Bg4 47. Rf4
Be6 48. Kd6 Bc8 49. Ke7 Be6 50. Rf6 Bc4 51. Rf3 Bd5 52. Re3 Bb7 53. Re5 Bf3 1/2-1/2

[Event "36th World Junior Girls"]
[Site "Manavgat TUR"]
[Date "2018.09.07"]
[Round "4.36"]
[White "Cramling Bellon, Anna"]
[Black "Aydin, Gulenay"]
[Result "1-0"]
[WhiteTitle "WFM"]
[BlackTitle "WCM"]
[WhiteElo "2009"]
[BlackElo "1882"]
[WhiteFideId "32009232"]
[BlackFideId "34557431"]
[EventDate "2018.09.05"]

1. d4 Nf6 2. c4 g6 3. Nc3 Bg7 4. e4 d6 5. h3 O-O 6. Bg5 c5 7. d5 Re8 8. Bd3 e6
9. Kf1 exd5 10. exd5 Nbd7 11. Nf3 h6 12. Be3 Kh7 13. g4 Ng8 14. h4 Kh8 15. Ne4
Rxe4 16. Bxe4 Ndf6 17. Qd3 Bxg4 18. Ng5 Qe8 19. f3 Nxe4 20. Qxe4 Qxe4 21. Nxf7+
Kh7 22. Ng5+ hxg5 23. hxg5+ Bh5 24. fxe4 Rf8+ 25. Kg2 b6 26. Raf1 Re8 27. Rh4
Re7 28. b3 Be5 29. Bf4 Kg7 30. Bg3 a6 31. a4 Re8 32. Kh3 b5 33. axb5 axb5 34.
cxb5 Be2 35. Rh1 Bxb5 36. Kg2 Bxg3 37. Kxg3 Re5 38. Rh7+ Kf8 39. Kf4 Bd3 40. Re1
Bb5 41. Rb7 Be8 42. Ra1 Ne7 43. Rb8 Kf7 44. Ra7 Kf8 45. Raa8 Nxd5+ 46. exd5 Kf7
47. Rd8 Rf5+ 48. Kg4 Re5 49. Rxd6 Ke7 50. Re6+ Rxe6 51. dxe6 Bc6 52. Rg8 Bd5 53.
Kf4 Bxe6 54. Rxg6 Bxb3 55. Ke5 c4 56. Rg7+ Ke8 57. Rb7 Bc2 58. Kf6 Bd3 59. g6 c3
60. g7 Bh7 61. g8=Q+ Bxg8 62. Rb8+ Kd7 63. Rxg8 Kd6 64. Rc8 1-0